| 000 | 00783nam a2200217 i 4500 | ||
|---|---|---|---|
| 001 | 184561 | ||
| 003 | ES-MaACL | ||
| 005 | 20250809231912.0 | ||
| 008 | 151022s1875 sp |||| | spa d | ||
| 110 | 1 |
_aFrancia. _9134393 |
|
| 240 | 1 | 0 |
_aCode civil, 1804. _lEspañol |
| 245 | 1 | 0 |
_aCódigo civil francés _b: comentado, concordado... / _cpor Alberto Aguilera y Velasco. |
| 260 |
_aMadrid : _b[s.n.], _c1875 ( _fEstab. Tip. de la Colección de los Códigos Europeos) |
||
| 300 |
_aXXVIII, 470 p ; _c26 cm. |
||
| 490 | 1 | _aColección de códigos europeos | |
| 650 | 0 | 4 |
_aDerecho civil- _zFrancia. _911665 |
| 700 | 1 |
_aAguilera y Velasco, Alberto, _d1842-1913 _918786 |
|
| 830 | 1 |
_aColección de códigos europeos _9192173 |
|
| 852 |
_aES-MaACL _jG-12702 |
||
| 999 |
_c184561 _d184561 |
||